Desktop publishing activities /
This book is divided into two parts: Introduction to desktop publishing; and Creating presentation decuments.
保存先:
| 第一著者: | |
|---|---|
| フォーマット: | 図書 |
| 言語: | English |
| 出版事項: |
Cincinnati, Ohio :
South-Western Educational,
1998.
|
| 主題: | |
| タグ: |
タグ追加
タグなし, このレコードへの初めてのタグを付けませんか!
|
| Thư viện lưu trữ: | Mạng thư viện Đại học Đà Nẵng |
|---|
| LEADER | 00997cam a2200325 i 4500 | ||
|---|---|---|---|
| 001 | 000049452 | ||
| 003 | 9198 | ||
| 005 | 20051111143556.0 | ||
| 008 | 010326b1998 vm 000 eng | ||
| 020 | |a 0538677902 | ||
| 040 | |a IRC |c IRC |d IRC | ||
| 041 | 0 | |a eng | |
| 082 | 1 | 4 | |a 686.22544416 |b BL-I |
| 100 | 1 | |a Blanc, Iris. | |
| 245 | 0 | 0 | |a Desktop publishing activities / |c Iris Blanc ; contributing editor, Elaine Langlois. |
| 260 | |a Cincinnati, Ohio : |b South-Western Educational, |c 1998. | ||
| 300 | |a viii, 248 p. : |b ill. ; |c 28cm. | ||
| 520 | 3 | |a This book is divided into two parts: Introduction to desktop publishing; and Creating presentation decuments. | |
| 630 | 0 | 4 | |a Desktop publishing. |
| 650 | 0 | 4 | |a Desktop publishing |x Problems, exercises, etc. |
| OWN | |a DUT | ||
| 999 | |a From the UDN01 | ||
| TYP | |a Monograph | ||
| TYP | |a Printed language | ||
| 980 | |a Mạng thư viện Đại học Đà Nẵng | ||


